[Event "Winnipeg TNT January op"]
[Site "Winnipeg CAN"]
[Date "2017.01.10"]
[Round "1.4"]
[White "Boron, Anthony"]
[Black "Gannon, Keith"]
[Result "1-0"]
[WhiteElo "2067"]
[BlackElo "1603"]
[WhiteFideId "-1"]
[WhiteFideId "-1"]
[PlyCount "65"]
[GameId "2160767908474922"]
[EventDate "2017.01.10"]
[EventType "swiss"]
[EventRounds "4"]
[EventCountry "CAN"]
[SourceTitle "EXT 2022"]
[Source "ChessBase"]
[SourceDate "2021.10.06"]
[SourceVersion "1"]
[SourceVersionDate "2021.10.06"]
[SourceQuality "1"]

1. e4 e5 2. Nf3 d6 3. Bc4 Be7 4. d4 exd4 5. Nxd4 Nf6 6. Nc3 O-O 7. O-O a6 8. a4 Bd7 9. Re1 Nc6 10. Be3 Nxd4 11. Bxd4 c6 12. Bxf6 Bxf6 13. Qxd6 Bxc3 14. bxc3 b5 15. Bb3 Rc8 16. Rad1 Bg4 17. Bxf7+ Kh8 18. Qxd8 Rcxd8 19. f3 Rxd1 20. Rxd1 Bc8 21. Bb3 h6 22. Rd6 bxa4 23. Bxa4 Bb7 24. Rd7 Rb8 25. Kf2 g5 26. e5 h5 27. e6 Ba8 28. e7 Re8 29. Rd8 Rxd8 30. exd8=Q+ Kg7 31. Bb3 h4 32. Qe7+ Kh6 33. Bg8 1-0

[Event "Winnipeg TNT January op"]
[Site "Winnipeg CAN"]
[Date "2017.01.10"]
[Round "1.4"]
[White "Czarny, Keith"]
[Black "Clark, Jeff"]
[Result "1/2-1/2"]
[WhiteElo "1657"]
[BlackElo "2077"]
[WhiteFideId "-1"]
[WhiteFideId "-1"]
[PlyCount "87"]
[GameId "2160767908474923"]
[EventDate "2017.01.10"]
[EventType "swiss"]
[EventRounds "4"]
[EventCountry "CAN"]
[SourceTitle "EXT 2022"]
[Source "ChessBase"]
[SourceDate "2021.10.06"]
[SourceVersion "1"]
[SourceVersionDate "2021.10.06"]
[SourceQuality "1"]

1. c4 e5 2. g3 Nf6 3. Bg2 Be7 4. d3 O-O 5. Nf3 d6 6. O-O c6 7. Nc3 Re8 8. h3 Nbd7 9. Nd2 Nf8 10. Nde4 Nxe4 11. Nxe4 f5 12. Nc3 Ne6 13. Bd2 Rf8 14. e3 Qc7 15. f4 Bd7 16. Kh2 Kh8 17. Rf2 Rae8 18. Rc1 Qb8 19. Be1 Rf6 20. Ne2 Ref8 21. Ng1 Be8 22. d4 e4 23. Bc3 d5 24. cxd5 cxd5 25. Rfc2 Rh6 26. Ba5 Bc6 27. a3 Bd6 28. Bb4 Bxb4 29. axb4 a6 30. Qf1 Bb5 31. Qf2 Bd3 32. Rc3 Bb5 33. Qc2 Bc6 34. Qb3 Rhf6 35. h4 Nc7 36. Nh3 Nb5 37. R3c2 Qe8 38. Rf2 h6 39. Qd1 Qe7 40. Qe1 Na7 41. Rfc2 Qd8 42. Rc5 R6f7 43. Bf1 Nb5 44. Qe2 1/2-1/2

[Event "Winnipeg TNT January op"]
[Site "Winnipeg CAN"]
[Date "2017.01.10"]
[Round "1.4"]
[White "Goodman, Clifford"]
[Black "Magnusson, Saul"]
[Result "0-1"]
[WhiteElo "1611"]
[BlackElo "2072"]
[WhiteFideId "-1"]
[WhiteFideId "-1"]
[PlyCount "45"]
[GameId "2160767908474924"]
[EventDate "2017.01.10"]
[EventType "swiss"]
[EventRounds "4"]
[EventCountry "CAN"]
[SourceTitle "EXT 2022"]
[Source "ChessBase"]
[SourceDate "2021.10.06"]
[SourceVersion "1"]
[SourceVersionDate "2021.10.06"]
[SourceQuality "1"]

1. Nf3 Nf6 2. c4 g6 3. g3 d5 4. cxd5 Nxd5 5. Bg2 Bg7 6. Nc3 Nxc3 7. bxc3 O-O 8. O-O c5 9. d4 Nc6 10. e3 Be6 11. Ng5 Bd5 12. Bxd5 Qxd5 13. e4 Qc4 14. Rb1 cxd4 15. cxd4 b6 16. d5 Nd4 17. Bb2 Ne2+ 18. Kg2 Nc3 19. Bxc3 Qxc3 20. Qb3 Rac8 21. Rfc1 Qe5 22. Qe3 Bh6 23. Nxf7 0-1

[Event "Winnipeg TNT January op"]
[Site "Winnipeg CAN"]
[Date "2017.01.10"]
[Round "1.4"]
[White "Konara, Harshani"]
[Black "Trueman, Francis"]
[Result "1/2-1/2"]
[WhiteElo "1916"]
[BlackElo "1434"]
[WhiteFideId "-1"]
[WhiteFideId "-1"]
[PlyCount "29"]
[GameId "2160767740940938"]
[EventDate "2017.01.10"]
[EventType "swiss"]
[EventRounds "4"]
[EventCountry "CAN"]

1. c4 Nf6 2. Nc3 d6 3. g3 g6 4. Bg2 Bg7 5. e3 O-O 6. Nge2 Nbd7 7. O-O Re8 8. d3 e5 9. Bd2 a5 10. a3 Nc5 11. Qc2 a4 12. Nc1 c6 13. b4 axb3 14. Nxb3 Nxb3 15. Qxb3 {scoresheets deteriorate here - drawn in 37} 1/2-1/2

[Event "Winnipeg TNT January op"]
[Site "Winnipeg CAN"]
[Date "2017.01.10"]
[Round "1.4"]
[White "Le Dorze, Philippe"]
[Black "Piche, Zachary"]
[Result "1-0"]
[WhiteElo "1871"]
[BlackElo "1296"]
[WhiteFideId "-1"]
[WhiteFideId "-1"]
[PlyCount "100"]
[GameId "2160767908474925"]
[EventDate "2017.01.10"]
[EventType "swiss"]
[EventRounds "4"]
[EventCountry "CAN"]
[SourceTitle "EXT 2022"]
[Source "ChessBase"]
[SourceDate "2021.10.06"]
[SourceVersion "1"]
[SourceVersionDate "2021.10.06"]
[SourceQuality "1"]

1. d4 Nf6 2. c4 e6 3. Nf3 d5 4. Nc3 Bb4 5. Bd2 c5 6. cxd5 Nxd5 7. Nxd5 Bxd2+ 8. Qxd2 Qxd5 9. dxc5 Qxd2+ 10. Nxd2 O-O 11. e4 Nc6 12. Nb3 Bd7 13. Be2 Rac8 14. O-O Rfd8 15. Rfd1 Be8 16. f4 f6 17. Bg4 Bf7 18. Rd6 Rxd6 19. cxd6 Rd8 20. Rd1 e5 21. Nc5 b6 22. Nb7 Rb8 23. d7 Rxb7 24. d8=Q+ Nxd8 25. Rxd8+ Be8 26. Rxe8+ Kf7 27. Rd8 Rc7 28. Rd7+ Rxd7 29. Bxd7 Ke7 30. Bc6 exf4 31. Kf2 Ke6 32. h4 Ke5 33. Kf3 g5 34. hxg5 fxg5 35. g4 h6 36. a4 a6 37. Bd5 Kf6 38. Ke2 Ke5 39. Kd3 f3 40. Ke3 f2 41. Kxf2 Kf4 42. b3 Kxg4 43. e5 Kf5 44. e6 Kf6 45. Ke3 h5 46. Ke4 h4 47. Bc4 h3 48. Kf3 h2 49. Kg2 h1=Q+ 50. Kxh1 Ke7 1-0

[Event "Winnipeg TNT January op"]
[Site "Winnipeg CAN"]
[Date "2017.01.10"]
[Round "1.4"]
[White "Leaden, Bruce"]
[Black "Prince, Colin"]
[Result "1-0"]
[WhiteElo "1418"]
[BlackElo "1898"]
[WhiteFideId "-1"]
[WhiteFideId "-1"]
[PlyCount "117"]
[GameId "2160767908474926"]
[EventDate "2017.01.10"]
[EventType "swiss"]
[EventRounds "4"]
[EventCountry "CAN"]
[SourceTitle "EXT 2022"]
[Source "ChessBase"]
[SourceDate "2021.10.06"]
[SourceVersion "1"]
[SourceVersionDate "2021.10.06"]
[SourceQuality "1"]

1. e4 e5 2. Nf3 Nf6 3. d4 Nxe4 4. dxe5 d5 5. Bd3 Be7 6. O-O O-O 7. c4 c6 8. cxd5 cxd5 9. Be3 Nd7 10. Nbd2 f5 11. exf6 Ndxf6 12. Nxe4 dxe4 13. Bc4+ Kh8 14. Nd4 Qc7 15. Be6 Qe5 16. Bxc8 Raxc8 17. b3 Bd6 18. g3 h5 19. Bf4 Qd5 20. Bxd6 Qxd6 21. Nf5 Qe5 22. Nh4 Kh7 23. Qd2 g5 24. Ng2 Rfd8 25. Qe2 Rd3 26. Rae1 Rcd8 27. f4 Qd4+ 28. Qf2 Qxf2+ 29. Rxf2 g4 30. Rc2 R8d7 31. Ne3 Rd2 32. Re2 R2d3 33. Nc4 Rd1+ 34. Kg2 Ra1 35. Ne5 Rdd1 36. Rc7+ Kg8 37. Rc8+ Kg7 38. Rc7+ Kh6 39. Nf7+ Kg6 40. Nh8+ Kf5 41. Rxb7 Rg1+ 42. Kf2 Raf1+ 43. Ke3 Rf3+ 44. Kd2 e3+ 45. Kd3 Rd1+ 46. Kc4 Rd2 47. Rb5+ Ke6 48. Re5+ Kd7 49. R5xe3 Rf2 50. Rxd2+ Rxd2 51. Rd3+ Rxd3 52. Kxd3 Nd5 53. Nf7 Nb4+ 54. Kc4 Nxa2 55. Ne5+ Kc7 56. Nd3 Kb6 57. b4 a5 58. bxa5+ Kxa5 59. f5 1-0

[Event "Winnipeg TNT January op"]
[Site "Winnipeg CAN"]
[Date "2017.01.10"]
[Round "1.4"]
[White "Magyar, Peter"]
[Black "Wolchock, Theo"]
[Result "0-1"]
[WhiteElo "1567"]
[BlackElo "1965"]
[WhiteFideId "-1"]
[WhiteFideId "-1"]
[PlyCount "76"]
[GameId "2160767908474927"]
[EventDate "2017.01.10"]
[EventType "swiss"]
[EventRounds "4"]
[EventCountry "CAN"]
[SourceTitle "EXT 2022"]
[Source "ChessBase"]
[SourceDate "2021.10.06"]
[SourceVersion "1"]
[SourceVersionDate "2021.10.06"]
[SourceQuality "1"]

1. d4 Nf6 2. Bf4 d5 3. Nf3 e6 4. e3 Be7 5. Be2 O-O 6. O-O Nh5 7. Be5 f6 8. Bg3 Nxg3 9. fxg3 c5 10. c3 Nc6 11. Nbd2 e5 12. Nb3 b6 13. a3 Be6 14. h3 Qc7 15. Nh2 e4 16. Qe1 Bd6 17. Ng4 f5 18. Nf2 Bxg3 19. dxc5 f4 20. Qd2 fxe3 21. Qxe3 Bf4 22. cxb6 axb6 23. Nc5 Bxe3 24. Nxe6 Qf7 25. Nxf8 Rxf8 26. Kh1 Bxf2 27. Rad1 Qe6 28. Rd2 Be3 29. Rdd1 Rxf1+ 30. Rxf1 Ne5 31. c4 Nd3 32. Bg4 Qe5 33. g3 Nf2+ 34. Kg2 Nxg4 35. hxg4 Qxb2+ 36. Kh3 Bf2 37. cxd5 e3 38. d6 Qd4 0-1

[Event "Winnipeg TNT January op"]
[Site "Winnipeg CAN"]
[Date "2017.01.10"]
[Round "1.4"]
[White "Rutter, Blair"]
[Black "Remillard, John"]
[Result "1-0"]
[WhiteElo "2073"]
[BlackElo "1657"]
[WhiteFideId "-1"]
[WhiteFideId "-1"]
[PlyCount "105"]
[GameId "2160767908474928"]
[EventDate "2017.01.10"]
[EventType "swiss"]
[EventRounds "4"]
[EventCountry "CAN"]
[SourceTitle "EXT 2022"]
[Source "ChessBase"]
[SourceDate "2021.10.06"]
[SourceVersion "1"]
[SourceVersionDate "2021.10.06"]
[SourceQuality "1"]

1. c4 Nf6 2. g3 g6 3. Bg2 Bg7 4. Nc3 c6 5. e4 d6 6. Nge2 Be6 7. d3 Qc8 8. Nf4 Bg4 9. f3 Bd7 10. Be3 e5 11. Nfe2 Bh3 12. O-O O-O 13. Qd2 Ne8 14. Rab1 Be6 15. b4 f5 16. f4 Nd7 17. h3 fxe4 18. Nxe4 d5 19. Ng5 Nb6 20. Rfc1 dxc4 21. Bxb6 axb6 22. dxc4 Bf5 23. Rb3 h6 24. Nf3 exf4 25. Nxf4 g5 26. Nh5 Bxh3 27. Rc2 Qg4 28. Nxg7 Bxg2 29. Kxg2 Nxg7 30. Qd6 Nf5 31. Qe6+ Rf7 32. Qxf7+ Kxf7 33. Ne5+ Kg7 34. Nxg4 Nd4 35. Rbc3 Nxc2 36. Rxc2 Re8 37. Kf3 h5 38. Ne3 Kf6 39. Rh2 g4+ 40. Ke2 Kg5 41. Rf2 Re5 42. Rf7 Kg6 43. Rxb7 b5 44. Rb6 Kg5 45. Rxc6 h4 46. Rc5 Rxc5 47. gxh4+ Kxh4 48. bxc5 bxc4 49. Nxc4 g3 50. Ne3 Kh3 51. c6 g2 52. Nxg2 Kxg2 53. c7 1-0

[Event "Winnipeg TNT January op"]
[Site "Winnipeg CAN"]
[Date "2017.01.10"]
[Round "1.4"]
[White "Valentino, Marcos"]
[Black "Green, Jim"]
[Result "1-0"]
[WhiteElo "2210"]
[BlackElo "1862"]
[WhiteFideId "-1"]
[WhiteFideId "-1"]
[PlyCount "145"]
[GameId "2160767908474929"]
[EventDate "2017.01.10"]
[EventType "swiss"]
[EventRounds "4"]
[EventCountry "CAN"]
[SourceTitle "EXT 2022"]
[Source "ChessBase"]
[SourceDate "2021.10.06"]
[SourceVersion "1"]
[SourceVersionDate "2021.10.06"]
[SourceQuality "1"]

1. Nf3 d5 2. d4 Nf6 3. c4 c6 4. Nc3 a6 5. cxd5 cxd5 6. g3 Nc6 7. Bg2 e6 8. O-O Be7 9. a3 O-O 10. b4 b5 11. Bb2 Bb7 12. Rc1 Rc8 13. Re1 Qb6 14. Qd3 Rfd8 15. e3 Bf8 16. Nd2 e5 17. Nb3 e4 18. Qe2 Bxb4 19. axb4 Nxb4 20. Nc5 Rc7 21. Ba3 Nd3 22. Nxd3 exd3 23. Qxd3 b4 24. Na4 Rxc1 25. Bxc1 Qc6 26. Nc5 a5 27. Bd2 Qb6 28. Qb3 Ne4 29. Bxe4 dxe4 30. Bxb4 axb4 31. Rb1 Bd5 32. Qxb4 Qd6 33. Qb6 g6 34. Qxd6 Rxd6 35. Kg2 Rd8 36. g4 h6 37. Kg3 g5 38. Rb6 Kg7 39. Ra6 Kh7 40. Ra7 Kg7 41. Re7 Kf8 42. Ra7 Kg7 43. Rd7 Rxd7 44. Nxd7 f6 45. Nc5 Kf7 46. f3 exf3 47. e4 Bc4 48. Kxf3 Ke7 49. Ke3 Kd6 50. Na4 Bf1 51. Nc3 Bh3 52. Kf3 Bf1 53. Nd1 Bb5 54. Ne3 Bd7 55. Nf5+ Bxf5 56. gxf5 h5 57. h3 Ke7 58. e5 fxe5 59. dxe5 Kf7 60. Kg3 Ke7 61. h4 g4 62. Kf4 Kf7 63. Ke4 Ke7 64. e6 Kf6 65. Kf4 Ke7 66. Ke5 g3 67. f6+ Kf8 68. Kd6 g2 69. Kd7 g1=Q 70. e7+ Kg8 71. e8=Q+ Kh7 72. Qxh5+ Kg8 73. Qg5+ 1-0

[Event "Winnipeg TNT January op"]
[Site "Winnipeg CAN"]
[Date "2017.01.17"]
[Round "2.4"]
[White "Gannon, Keith"]
[Black "Einarsson, Ken"]
[Result "1-0"]
[WhiteElo "1603"]
[BlackElo "1747"]
[WhiteFideId "-1"]
[WhiteFideId "-1"]
[PlyCount "115"]
[GameId "2160767908474931"]
[EventDate "2017.01.10"]
[EventType "swiss"]
[EventRounds "4"]
[EventCountry "CAN"]
[SourceTitle "EXT 2022"]
[Source "ChessBase"]
[SourceDate "2021.10.06"]
[SourceVersion "1"]
[SourceVersionDate "2021.10.06"]
[SourceQuality "1"]

1. e4 c6 2. d4 d5 3. Nc3 e6 4. exd5 cxd5 5. Nf3 Nf6 6. Be2 Nc6 7. O-O Be7 8. Re1 O-O 9. a3 a6 10. Be3 Ng4 11. Qd2 Qc7 12. Bf4 Bd6 13. Bxd6 Qxd6 14. h3 Nf6 15. Rad1 Re8 16. Bf1 Bd7 17. Ne5 Rac8 18. Nxd7 Qxd7 19. b4 b5 20. g3 Qc7 21. Bg2 Qb6 22. Qd3 Re7 23. Ne2 a5 24. c3 axb4 25. axb4 Ra7 26. Ra1 Rca8 27. Rxa7 Rxa7 28. Rb1 Ra3 29. Qc2 Ne8 30. Rb3 Qa6 31. Rxa3 Qxa3 32. Qc1 Qa2 33. Kf1 Nd6 34. Ke1 Nc4 35. Nf4 g6 36. Bf1 Kg7 37. Bxc4 Qxc4 38. Qd2 h6 39. Qd3 Qb3 40. Qd2 h5 41. h4 Kf6 42. Ne2 Qb1+ 43. Nc1 Qe4+ 44. Qe3 Kf5 45. Qxe4+ Kxe4 46. Ke2 e5 47. f3+ Kf5 48. dxe5 Nxe5 49. Nb3 Nc6 50. Na5 Na7 51. Ke3 Ke5 52. Nb7 f6 53. Nc5 Nc6 54. Nd3+ Kd6 55. g4 Ne5 56. gxh5 gxh5 57. Nf4 Ng6 58. Nxg6 1-0

[Event "Winnipeg TNT January op"]
[Site "Winnipeg CAN"]
[Date "2017.01.17"]
[Round "2.4"]
[White "Letain, Cory"]
[Black "Magyar, Peter"]
[Result "1-0"]
[WhiteElo "1725"]
[BlackElo "1567"]
[WhiteFideId "-1"]
[WhiteFideId "-1"]
[PlyCount "93"]
[GameId "2160767908474933"]
[EventDate "2017.01.10"]
[EventType "swiss"]
[EventRounds "4"]
[EventCountry "CAN"]
[SourceTitle "EXT 2022"]
[Source "ChessBase"]
[SourceDate "2021.10.06"]
[SourceVersion "1"]
[SourceVersionDate "2021.10.06"]
[SourceQuality "1"]

1. e4 e6 2. d4 d5 3. Nc3 c5 4. Be3 c4 5. a3 Bd6 6. e5 Bc7 7. Qg4 Kf8 8. Nf3 f5 9. Qh5 Qe8 10. Qxe8+ Kxe8 11. Nb5 Kd7 12. Be2 h6 13. h4 a6 14. Nc3 Nc6 15. b3 b5 16. bxc4 bxc4 17. Na4 Ba5+ 18. Bd2 Bxd2+ 19. Kxd2 Kc7 20. Rhb1 Nge7 21. h5 Rb8 22. Rxb8 Nxb8 23. c3 Nbc6 24. Bd1 Bd7 25. Nc5 Ra8 26. Ba4 Bc8 27. Bxc6 Nxc6 28. Rb1 Rb8 29. Rxb8 Nxb8 30. Nh4 Kb6 31. Ng6 Nc6 32. Ke3 Na5 33. Nf4 Nb3 34. Ncxe6 Kb5 35. Nxd5 Kc6 36. Ne7+ Kd7 37. Nxc8 Kxc8 38. Nxg7 Kd7 39. Nxf5 Na1 40. Kd2 Nb3+ 41. Kc2 Na1+ 42. Kb2 Nb3 43. Nxh6 Nd2 44. f3 Nf1 45. Nf5 Ke8 46. d5 Nd2 47. h6 1-0

[Event "Winnipeg TNT January op"]
[Site "Winnipeg CAN"]
[Date "2017.01.17"]
[Round "2.4"]
[White "Magnusson, Saul"]
[Black "Valentino, Marcos"]
[Result "0-1"]
[WhiteElo "2072"]
[BlackElo "2210"]
[WhiteFideId "-1"]
[WhiteFideId "-1"]
[PlyCount "126"]
[GameId "2160767908474934"]
[EventDate "2017.01.10"]
[EventType "swiss"]
[EventRounds "4"]
[EventCountry "CAN"]
[SourceTitle "EXT 2022"]
[Source "ChessBase"]
[SourceDate "2021.10.06"]
[SourceVersion "1"]
[SourceVersionDate "2021.10.06"]
[SourceQuality "1"]

1. d4 d6 2. e4 e5 3. Nf3 exd4 4. Nxd4 Nf6 5. Nc3 Be7 6. Bc4 O-O 7. h3 Kh8 8. Be3 Nxe4 9. Nxe4 d5 10. Bd3 dxe4 11. Bxe4 Bf6 12. Qd3 Qe7 13. O-O-O Rd8 14. Bf5 Na6 15. Bxc8 Raxc8 16. Qb5 c6 17. Qa5 Rd5 18. Qa4 Rcd8 19. Nf3 Rxd1+ 20. Rxd1 Bxb2+ 21. Kxb2 Rxd1 22. Qg4 h6 23. Nd2 Qb4+ 24. Nb3 Qxg4 25. hxg4 b6 26. Nd4 c5 27. Nc6 Rd7 28. Ne5 Rb7 29. c4 f6 30. Ng6+ Kg8 31. Nf4 Nc7 32. a4 Kf7 33. Kc2 Ne6 34. Nd5 Rd7 35. f4 Nc7 36. Nc3 Na6 37. Nd5 Rxd5 38. cxd5 Nb4+ 39. Kb3 Nxd5 40. Bd2 Ke6 41. Kc4 Kd6 42. a5 Kc6 43. axb6 axb6 44. Kd3 b5 45. Ke4 g6 46. g3 b4 47. Kd3 f5 48. gxf5 gxf5 49. Kc4 Nb6+ 50. Kb3 Kb5 51. Kc2 c4 52. g4 fxg4 53. f5 h5 54. f6 Nd7 55. f7 c3 56. Bh6 Kc4 57. f8=Q Nxf8 58. Bxf8 b3+ 59. Kc1 Kd3 60. Bd6 h4 61. Bc5 g3 62. Bd6 Ke2 63. Be5 g2 0-1

[Event "Winnipeg TNT January op"]
[Site "Winnipeg CAN"]
[Date "2017.01.17"]
[Round "2.4"]
[White "Piche, Zachary"]
[Black "Goodman, Clifford"]
[Result "0-1"]
[WhiteElo "1296"]
[BlackElo "1611"]
[WhiteFideId "-1"]
[WhiteFideId "-1"]
[PlyCount "62"]
[GameId "2160767908474936"]
[EventDate "2017.01.10"]
[EventType "swiss"]
[EventRounds "4"]
[EventCountry "CAN"]
[SourceTitle "EXT 2022"]
[Source "ChessBase"]
[SourceDate "2021.10.06"]
[SourceVersion "1"]
[SourceVersionDate "2021.10.06"]
[SourceQuality "1"]

1. d4 Nf6 2. c4 g6 3. Nc3 d5 4. Nf3 Bg7 5. Bf4 O-O 6. e3 c5 7. cxd5 Nxd5 8. Bc4 Nxf4 9. exf4 cxd4 10. O-O dxc3 11. bxc3 Qxd1 12. Raxd1 Bg4 13. Bd5 Nc6 14. h3 Bxf3 15. Bxf3 Bxc3 16. Rd7 Rab8 17. Bxc6 bxc6 18. Rxa7 Bf6 19. Rc1 Ra8 20. Rc7 Rxa2 21. R7xc6 Rd8 22. Rc7 Rdd2 23. Rf1 Bd4 24. Rc8+ Kg7 25. Rd8 Bxf2+ 26. Kh1 Rxd8 27. Rc1 Bg3 28. Kg1 Rda8 29. f5 Ra1 30. Rf1 Rxf1+ 31. Kxf1 Ra2 0-1

[Event "Winnipeg TNT January op"]
[Site "Winnipeg CAN"]
[Date "2017.01.17"]
[Round "2.4"]
[White "Prince, Colin"]
[Black "Czarny, Keith"]
[Result "1-0"]
[WhiteElo "1898"]
[BlackElo "1657"]
[WhiteFideId "-1"]
[WhiteFideId "-1"]
[PlyCount "101"]
[GameId "2160767908474937"]
[EventDate "2017.01.10"]
[EventType "swiss"]
[EventRounds "4"]
[EventCountry "CAN"]
[SourceTitle "EXT 2022"]
[Source "ChessBase"]
[SourceDate "2021.10.06"]
[SourceVersion "1"]
[SourceVersionDate "2021.10.06"]
[SourceQuality "1"]

1. e4 e6 2. d4 d5 3. e5 Ne7 4. Nf3 Nbc6 5. Bg5 h6 6. Bh4 Qd7 7. Nbd2 Nf5 8. Nb3 Nxh4 9. Nxh4 Be7 10. Qg4 Bxh4 11. Qxh4 Qe7 12. Qg3 Qg5 13. Qc3 a6 14. h4 Qe7 15. a3 Bd7 16. Nc5 b6 17. Nxa6 Ra7 18. b4 O-O 19. b5 Na5 20. Nb4 Rc8 21. Rh3 Rca8 22. g4 f6 23. Qg3 Nc4 24. Bxc4 dxc4 25. Nc6 Bxc6 26. bxc6 b5 27. g5 fxg5 28. hxg5 Qxg5 29. Ke2 Qxg3 30. Rxg3 Kh7 31. Rag1 Rg8 32. Rg6 Rxa3 33. Rxe6 Ra2 34. Kd2 b4 35. d5 b3 36. Rc1 Rf8 37. Kc3 b2 38. Rb1 Rf3+ 39. Kxc4 Rxf2 40. Kb3 Ra5 41. c4 Ra8 42. d6 Rb8+ 43. Kc3 Rf3+ 44. Kd2 cxd6 45. exd6 Rbb3 46. c7 Rf2+ 47. Re2 Rff3 48. c8=Q Rfd3+ 49. Ke1 Rxd6 50. Qf5+ Rg6 51. Rbxb2 1-0

[Event "Winnipeg TNT January op"]
[Site "Winnipeg CAN"]
[Date "2017.01.17"]
[Round "2.4"]
[White "Remillard, John"]
[Black "Mandusic, Ante"]
[Result "1-0"]
[WhiteElo "1657"]
[BlackElo "1207"]
[WhiteFideId "-1"]
[WhiteFideId "-1"]
[PlyCount "57"]
[GameId "2160767908474938"]
[EventDate "2017.01.10"]
[EventType "swiss"]
[EventRounds "4"]
[EventCountry "CAN"]
[SourceTitle "EXT 2022"]
[Source "ChessBase"]
[SourceDate "2021.10.06"]
[SourceVersion "1"]
[SourceVersionDate "2021.10.06"]
[SourceQuality "1"]

1. e4 e5 2. Nf3 d6 3. Bc4 Nf6 4. Nc3 g6 5. d4 d5 6. exd5 exd4 7. Qxd4 Bg7 8. Bg5 O-O 9. O-O-O Bg4 10. Qf4 Nbd7 11. Rde1 Bf5 12. h3 a6 13. g4 b5 14. gxf5 bxc4 15. fxg6 hxg6 16. Qxc4 Re8 17. Rxe8+ Qxe8 18. Re1 Qf8 19. Bxf6 Bxf6 20. Ne4 Nb6 21. Nxf6+ Kg7 22. Qc3 Rd8 23. Nd7+ f6 24. Nxf8 Rxf8 25. Qxc7+ Kh6 26. Re7 Rh8 27. Qf4+ g5 28. Qxf6+ Kh5 29. Qxg5# 1-0

[Event "Winnipeg TNT January op"]
[Site "Winnipeg CAN"]
[Date "2017.01.17"]
[Round "2.4"]
[White "Trueman, Francis"]
[Black "Annakkage, Udaya"]
[Result "0-1"]
[WhiteElo "1434"]
[BlackElo "1667"]
[WhiteFideId "-1"]
[WhiteFideId "-1"]
[PlyCount "76"]
[GameId "2160767908474939"]
[EventDate "2017.01.10"]
[EventType "swiss"]
[EventRounds "4"]
[EventCountry "CAN"]
[SourceTitle "EXT 2022"]
[Source "ChessBase"]
[SourceDate "2021.10.06"]
[SourceVersion "1"]
[SourceVersionDate "2021.10.06"]
[SourceQuality "1"]

1. Nf3 Nf6 2. d3 d5 3. Nbd2 Nc6 4. g3 e5 5. e4 Bg4 6. Bg2 dxe4 7. dxe4 Bc5 8. c3 Qd7 9. h3 Be6 10. Ng5 O-O-O 11. Nxe6 Qxe6 12. Qe2 Kb8 13. a4 a5 14. O-O g6 15. Nc4 Nh5 16. Kh1 Rd7 17. Ne3 Ne7 18. Nc4 Bxf2 19. Qxf2 Qxc4 20. Kh2 Nc6 21. Bf3 Nf6 22. Re1 Nh5 23. Bg4 Rdd8 24. Be3 Ng7 25. Bg5 Rd6 26. Bf6 Rg8 27. Bg5 h5 28. Bf3 f6 29. Bd2 Rgd8 30. Be3 f5 31. Bg5 R8d7 32. Qe2 Qe6 33. exf5 Qxf5 34. Be3 e4 35. Bxe4 Qf6 36. Rf1 Qe7 37. Rad1 Rxd1 38. Bxc6 R7d2 0-1

[Event "Winnipeg TNT January op"]
[Site "Winnipeg CAN"]
[Date "2017.01.17"]
[Round "2.4"]
[White "Wiebe, Isaac"]
[Black "Boron, Anthony"]
[Result "1-0"]
[WhiteElo "2196"]
[BlackElo "2067"]
[WhiteFideId "-1"]
[WhiteFideId "-1"]
[PlyCount "65"]
[GameId "2160767908474940"]
[EventDate "2017.01.10"]
[EventType "swiss"]
[EventRounds "4"]
[EventCountry "CAN"]
[SourceTitle "EXT 2022"]
[Source "ChessBase"]
[SourceDate "2021.10.06"]
[SourceVersion "1"]
[SourceVersionDate "2021.10.06"]
[SourceQuality "1"]

1. d4 e6 2. Nf3 Nf6 3. Bf4 d5 4. e3 Bd6 5. Bg3 Bxg3 6. hxg3 c5 7. c3 Qb6 8. Qb3 Nbd7 9. Nbd2 Qxb3 10. axb3 a6 11. Bd3 Ke7 12. Ke2 b6 13. Ne5 Nxe5 14. dxe5 Nd7 15. f4 Bb7 16. Nf3 h6 17. g4 b5 18. Rh2 c4 19. Bc2 cxb3 20. Bxb3 Rhc8 21. g5 hxg5 22. Nxg5 Rh8 23. Rah1 Rxh2 24. Rxh2 Rg8 25. Nf3 Nb6 26. Nd4 Nc4 27. Bxc4 dxc4 28. g4 Be4 29. f5 Rc8 30. Rh7 Rc5 31. Rxg7 exf5 32. e6 Ke8 33. exf7+ 1-0

[Event "Winnipeg TNT January op"]
[Site "Winnipeg CAN"]
[Date "2017.01.17"]
[Round "2.4"]
[White "Wolchock, Theo"]
[Black "Bince, Rolando"]
[Result "0-1"]
[WhiteElo "1965"]
[BlackElo "2099"]
[WhiteFideId "-1"]
[WhiteFideId "-1"]
[PlyCount "94"]
[GameId "2160767908474941"]
[EventDate "2017.01.10"]
[EventType "swiss"]
[EventRounds "4"]
[EventCountry "CAN"]
[SourceTitle "EXT 2022"]
[Source "ChessBase"]
[SourceDate "2021.10.06"]
[SourceVersion "1"]
[SourceVersionDate "2021.10.06"]
[SourceQuality "1"]

1. c4 Nf6 2. g3 e5 3. Bg2 c6 4. Nf3 e4 5. Ng1 d5 6. cxd5 cxd5 7. d3 Bb4+ 8. Bd2 Be7 9. dxe4 dxe4 10. Nc3 Bf5 11. Qb3 Qb6 12. Qxb6 axb6 13. Nh3 O-O 14. O-O Bc5 15. Bg5 Nbd7 16. Bxf6 Nxf6 17. e3 Rfe8 18. Nf4 Red8 19. Rfd1 Bg4 20. Rxd8+ Rxd8 21. Nxe4 Nxe4 22. Bxe4 Rd2 23. Bxb7 g5 24. Nd5 Kg7 25. b4 Bd6 26. Nxb6 Bxb4 27. a4 Bh3 28. Nc4 Rc2 29. Bd5 Bc3 30. Rb1 Be6 31. Bxe6 fxe6 32. Rb6 Be1 33. Rb7+ Kf6 34. Rc7 Bxf2+ 35. Kf1 Bxe3 36. Rc8 Bd4 37. h3 h5 38. Nd6 Ra2 39. Ra8 Rf2+ 40. Ke1 Rh2 41. Kf1 h4 42. g4 Ke5 43. Nf7+ Kf4 44. Rf8 Rf2+ 45. Ke1 Ke3 46. Kd1 Bg7 47. Re8 Rxf7 0-1

[Event "Winnipeg TNT January op"]
[Site "Winnipeg CAN"]
[Date "2017.01.24"]
[Round "3.4"]
[White "Annakkage, Udaya"]
[Black "Le Dorze, Philippe"]
[Result "1/2-1/2"]
[WhiteElo "1667"]
[BlackElo "1871"]
[WhiteFideId "-1"]
[WhiteFideId "-1"]
[PlyCount "93"]
[GameId "2160767908474942"]
[EventDate "2017.01.10"]
[EventType "swiss"]
[EventRounds "4"]
[EventCountry "CAN"]
[SourceTitle "EXT 2022"]
[Source "ChessBase"]
[SourceDate "2021.10.06"]
[SourceVersion "1"]
[SourceVersionDate "2021.10.06"]
[SourceQuality "1"]

1. d4 e6 2. e4 d5 3. Nd2 dxe4 4. Nxe4 Nf6 5. Bd3 Be7 6. c3 Nbd7 7. Nf3 c5 8. O-O O-O 9. Qc2 Nxe4 10. Bxe4 Nf6 11. Bd3 b6 12. Bf4 Bb7 13. Qe2 cxd4 14. Nxd4 Qd5 15. Nf3 Rfd8 16. Rfd1 Qh5 17. Bc7 Rd7 18. Be5 Rad8 19. Nd4 Qg5 20. Bg3 Nh5 21. Bc4 Nxg3 22. hxg3 Bc5 23. Rd3 Bxd4 24. cxd4 Rxd4 25. Rxd4 Rxd4 26. Re1 Re4 27. Qf1 Qe5 28. Rd1 g6 29. b3 Bd5 30. Bd3 Rd4 31. Re1 Qd6 32. Rd1 Be4 33. Be2 e5 34. Rc1 Qa3 35. Rc8+ Kg7 36. Qa1 Qd6 37. Rc1 Qd5 38. Bc4 Qd6 39. Re1 Qc6 40. f4 Bxg2 41. Rxe5 Bh3 42. Re2 Qf6 43. Re7 Rd1+ 44. Qxd1 Qxe7 45. Qd4+ Kg8 46. Kh2 Bg4 47. Qd2 1/2-1/2